Introduction to Poetry and Poetics its forms, its functions, its language & its theories
Saved in:
| Main Author: | |
|---|---|
| Format: | Book |
| Language: | English |
| Published: |
Princeton & Associates
2015
|
| Tags: |
Add Tag
No Tags, Be the first to tag this record!
|
MARC
| LEADER | 00000nam a22000007a 4500 | ||
|---|---|---|---|
| 008 | 210125b ||||| |||| 00| 0 eng d | ||
| 020 | |a 978-057-260-0 | ||
| 100 | |a AKPOROBARO, F. B. O | ||
| 245 | |a Introduction to Poetry and Poetics |b its forms, its functions, its language & its theories |c F.B.O. Akporobaro. |g xvii; 475p. | ||
| 260 | |b Princeton & Associates |c 2015 |d Books |h Lagos |i 691472 |i 691473 |l PN1042 .Ak6 |m English poetry |m Poetics. | ||
| 942 | |a lcc |c BK |e Adekanye I. H. |f 25/01/2021 | ||
| 952 | |0 0 |1 0 |2 lcc |4 0 |6 PN1042 A K6 |7 0 |9 1731 |a HOL |b HOL |c LP |d 2021-01-25 |l 0 |o PN1042 .Ak6 |p 2021-0508 |r 2021-01-25 00:00:00 |w 2021-01-25 |y BK | ||
| 952 | |0 0 |1 0 |2 lcc |4 0 |6 PN1042 A K6 |7 0 |9 1734 |a HOL |b ART |c LP |d 2021-01-25 |l 0 |o PN1042 .Ak6 |p 2021-0511 |r 2021-01-25 00:00:00 |w 2021-01-25 |y BK | ||
| 999 | |c 917 |d 917 | ||